000 00412nam a2200145Ia 4500
008 220216s9999 xx 000 0 und d
100 _aAli Syuhaizat Md
245 0 _aSMR certification via market surveillance:An approach to enhance competitiveness
260 _bMRB Rubber Technology Developements
_c2013
300 _a38-40
650 _aSMR
700 _aAbu Hasan Sabri
700 _aZawawi
942 _cJS
999 _c68783
_d68783